Skip to content
Your Account
Log Out
Login
Language
English
Deutsch
Español
Français
Italiano
日本語
Nederlands
Português
Português (Brasil)
中文(简体)
中文(繁體)
Türkçe
עברית
Gaeilge
Cymraeg
Ελληνικά
Català
Euskara
Русский
Čeština
Suomi
Svenska
polski
Dansk
slovenščina
اللغة العربية
বাংলা
Galego
Tiếng Việt
Hrvatski
हिंदी
All Fields
Title
Author
Subject
Call Number
ISBN/ISSN
Tag
Find
Advanced
The conscious reader
Staff View
Cite this
Email this
Print
Export Record
Export to RefWorks
Export to EndNoteWeb
Export to EndNote
Export to MARC
Export to MARCXML
Export to RDF
Export to BibTeX
Export to RIS
Save to List
The conscious reader
Saved in:
Bibliographic Details
Main Author:
C Shiodes
Format:
Book
Language:
Undetermined
Published:
New York
Macmillan
1960
Subjects:
readers
Tags:
Add Tag
No Tags, Be the first to tag this record!
Institutions:
Trung tâm Học liệu Trường Đại học Cần Thơ
Holdings
Description
Comments
Similar Items
Staff View
LEADER
00414nam a2200169Ia 4500
001
CTU_13743
008
210402s9999 xx 000 0 und d
082
|a
808.042
082
|b
C586
100
|a
C Shiodes
245
4
|a
The conscious reader
245
0
|c
C Shiodes
260
|a
New York
260
|b
Macmillan
260
|c
1960
650
|a
readers
980
|a
Trung tâm Học liệu Trường Đại học Cần Thơ
Similar Items
The bedford reader
by: X J Kennedy
Published: (1982)
The Short Prose Reader /
by: Muller, Gilbert H.
Published: (2006)
The reader's choice.
Published: (2002)
The reader's choice.
Published: (2002)
The reader's choice.
Published: (2002)
Loading...